Statistics for Dumb it Down Vocabulary #1

Click here to take the quiz!

General Stats

  • This quiz has been taken 17,719 times
  • The average score is 7 of 21

Answer Stats

WordSynonym% Correct
ContusionBruise
72%
PugilistBoxer
68%
BoughBranch
54%
NeonateNewborn
53%
AvariceGreed
48%
FlagellateWhip
44%
MenagerieZoo
44%
DjinnGenie
40%
RaimentClothing
34%
NeophyteBeginner
32%
CapitulateSurrender
29%
ChesterfieldCouch
27%
ShanghaiKidnap
27%
CravenCoward
25%
KvetchComplain
22%
AustralSouthern
21%
SobriquetNickname
19%
MunificentGenerous
15%
ByzantineComplicated
13%
RuthMercy
9%
VenalCorrupt
6%

Score Distribution

Percentile by Number Answered

Percent of People with Each Score

Your Score History

You have not taken this quiz